Air Forces that operate the Mikoyan MiG-29 - Statistics

General Stats
  • This quiz has been taken 12 times
  • The average score is 6 of 25
Answer Stats
Num. Air Force % Correct
14 Polish Air Force
75%
52 Indian Air Force
63%
45 Ukrainian Air Force
63%
46 Egyptian Air Force
50%
40 Algerian Air Force
38%
12 Azerbaijan Air Force
38%
8 Bangladesh Air Force
38%
34 Belarusian Air Force
38%
24 Islamic Republic ofIran Air Force
38%
14 Serbian Air Force
38%
12 Bulgarian Air Force
25%
253 Russian AerospaceForces
25%
29 Syrian Air Force
25%
3 Cuban Air Force
13%
7 Eritrean Air Force
13%
31 Myanmar Air Force
13%
8 Peruvian Air Force
13%
11 Sudanese Air Force
13%
24 Turkmen Air Force
13%
45 Indian Naval Air Arm
0%
35 Korean People'sAir Force
0%
31 Mongolian Air Force
0%
22 Russian Naval Aviation
0%
38 Uzbekistan Air andAir Defence Forces
0%
23 Yemeni Air Force
0%
No matching quizzes found
Score Distribution
Percent of People with Each Score
Percentile by Number Answered
Your Score History
You have not taken this quiz